000 00357nam a22001217a 4500
999 _c2343
_d2343
005 20200914110212.0
008 200914b ||||| |||| 00| 0 eng d
020 _a0823903702
040 _cCML
245 _aJunior High Journalism.
_cHall, H.L.
260 _aNew york
_bRosen Publishing Group
_c1969
942 _2ddc
_cBK
_e1st Edition
_h373
_mHAL